• 首页
  • 本馆介绍
  • 公告通知
  • 最新文献
  • 馆藏检索
  • 电子资源
  • 读者导购
  • 参考咨询
  • 我的图书馆
  • 登录
  • 详细信息显示
  • 放入我的书架
  • 预约/预借图书
  • 作者相关作品
  • 分类相关作品
  • 丛书相关作品
  • 出版社相关作品

书目信息

  • 表格格式
  • 工作单格式
  • 卡片格式
题名:
线性规划学习指导
    
 
作者: ;中国人民大学数学教研室 编
分册:  
出版信息: 北京   中央广播电视大学出版社  1984
页数: 141页
开本: 19cm
丛书名:
单 册:
中图分类: O221.1
科图分类:
主题词: 线性规划--电视大学--学习参考资料
电子资源:
ISBN:
000 00712nam0 2200229 45
001 0184002472
005 20070720170413.71
010    @dCNY0.46
091    @a13300.21
100    @a19950509d1984 em y0chiy0121 ea
101 0  @achi
102    @aCN@b110000
105    @ay z 000yy
200 10 @a线性规划学习指导@Axian xing gui hua xue xi zhi dao@f中国人民大学数学教研室编
210    @a北京@c中央广播电视大学出版社@d1984
215    @a141页@d19cm
606    @a线性规划@x电视大学@x学习参考资料
690    @aO221.1@v3
711 02 @a中国人民大学数学教研室@Azhong guo ren min da xue shu xue jiao yan shi@4编
801  2 @aCN@bNLC@c20070720
801  0 @aCN@b上海图书馆@c20040520
905    @f2@b122226-227@dO221.1@e31
    
    线性规划学习指导/中国人民大学数学教研室编.-北京:中央广播电视大学出版社,1984
    141页;19cm
    
    
    ISBN :CNY0.46
    
●
相关链接 在E读中查询图书 在五车中查询图书 在当当中查询图书 在豆瓣中查询图书


正题名:线性规划学习指导     索取号:O221.1/31         预约/预借

序号 登录号 条形码 馆藏地/架位号 状态 备注
1 0122225   001443986   第三借阅区/ [索取号:O221.1/31] 在馆    
2 0122226   001443897   第三借阅区/ [索取号:O221.1/31] 在馆    
3 0122227   001443860   第三借阅区/ [索取号:O221.1/31] 在馆    
4 0122228   001443851   第三借阅区/ [索取号:O221.1/31] 在馆    
5 0122229   202099950   第二样本阅览室/ [索取号:O221.1/31] 在馆    
6 0768971   207689713   密集书库/ [索取号:O221.1/31] 在馆    
欢迎您!
大连网信软件有限公司© 版权所有